Personnages de Bob l'éponge par images - Statistiques

Statistiques générales
  • Ce quiz a été pris 662 fois
  • Le résultat moyen est 8 sur 12
Statistiques - réponses
Par images Réponse % Correct
Bob l'éponge
100%
Patrick l'étoile de mer
98%
Carlo Tentacule
92%
Gary
86%
Sheldon Jr Plankton
85%
Sandy Écureuil
82%
Eugène Krabs
77%
Penelope Puff
53%
Karen Plankton
48%
Larry
44%
Pearl Krabs
42%
Guillaume Calmarchic
17%
Aucun quiz correspondant
Distribution des résultats
% des personnes avec chaque résultat
Percentile par nombre de réponses
Votre historique - résultats
Vous n’avez pas pris ce quiz